[Event "POL-ch U18 Girls"]
[Site "Szczyrk"]
[Date "2013.??.??"]
[Round "6"]
[White "Rozaniecka, Katarzyna"]
[Black "Leczycka, Agnieszka"]
[Result "1-0"]
[WhiteElo "1549"]
[BlackElo "1252"]
[PlyCount "85"]
[EventDate "2013.03.17"]
[EventType "swiss"]
[EventRounds "9"]
[EventCountry "POL"]
[SourceTitle "CBM 153 Extra"]
[Source "ChessBase"]
[SourceDate "2013.04.22"]
[SourceVersion "1"]
[SourceVersionDate "2013.04.22"]
[SourceQuality "1"]

1. e4 e5 2. Nf3 Nc6 3. Bc4 Be7 4. d4 exd4 5. Nxd4 d6 6. Nc3 Nf6 7. 0-0 0-0 8. h3 Nxd4 9. Qxd4 Nd7 10. Be3 Bf6 11. Qd2 Nb6 12. Bb3 Be6 13. Bd4 Bg5 14. f4 Bf6 15. Rad1 Nc4 16. Bxc4 Bxc4 17. Rf3 Qe7 18. b3 Bxd4+ 19. Qxd4 Ba6 20. Nd5 Qd8 21. Rg3 f6 22. e5 dxe5 23. fxe5 fxe5 24. Qxe5 Rf7 25. Rxg7+ Rxg7 26. Nf6+ Kf8 27. Rxd8+ Rxd8 28. Nd5 Re8 29. Qf6+ Kg8 30. c4 Rf7 31. Qg5+ Rg7 32. Nf6+ Kf8 33. Qxg7+ Kxg7 34. Nxe8+ Kf7 35. Nxc7 Ke7 36. Kf2 Kd7 37. Nxa6 bxa6 38. Ke3 Ke6 39. Ke4 h6 40. g4 a5 41. h4 a6 42. g5 hxg5 43. hxg5 1-0

[Event "POL Region-ch U17 Girls"]
[Site "Szczyrk"]
[Date "2012.10.21"]
[Round "4.1"]
[White "Larysz, Anna"]
[Black "Leczycka, Agnieszka"]
[Result "0-1"]
[WhiteElo "1526"]
[BlackElo "1236"]
[PlyCount "191"]
[EventDate "2012.10.14"]
[EventType "tourn"]
[EventRounds "4"]
[EventCountry "POL"]
[SourceTitle "EXT 2023"]
[Source "ChessBase"]
[SourceDate "2022.10.05"]
[SourceVersion "1"]
[SourceVersionDate "2022.10.05"]
[SourceQuality "1"]

1. d4 d5 2. c4 e6 3. cxd5 Qxd5 4. Nc3 Bb4 5. Nf3 Nf6 6. a3 Bxc3+ 7. bxc3 b6 8. Bf4 Bb7 9. Qc2 Qd8 10. Ne5 Nd5 11. Bg3 0-0 12. e4 Nf6 13. f3 Nbd7 14. Nxd7 Nxd7 15. Bd3 c5 16. e5 h6 17. 0-0 Rc8 18. Qd2 c4 19. Bc2 b5 20. f4 Bd5 21. Bf2 f6 22. Bh4 Qe8 23. Qe2 f5 24. g4 Qg6 25. h3 h5 26. g5 Nb6 27. Bd1 Kh7 28. Qxh5+ Qxh5 29. Bxh5 g6 30. Bf3 Rh8 31. Kg2 Rc7 32. Be1 Kg8 33. Rh1 Rch7 34. h4 Bxf3+ 35. Kxf3 Nd5 36. Rh2 Kf8 37. a4 b4 38. cxb4 Rc7 39. b5 c3 40. Rc1 Rc4 41. Bf2 Rxa4 42. Be3 Rb4 43. Rhh1 Rxb5 44. Ra1 Rb7 45. Bf2 c2 46. Ra3 Rb1 47. Ra1 Rxa1 48. Rxa1 Rh7 49. Be3 Rxh4 50. Bc1 Rh3+ 51. Kg2 Rd3 52. Rxa7 Rxd4 53. Ra8+ Kf7 54. Ra7+ Kf8 55. Ra6 Nxf4+ 56. Bxf4 Rxf4 57. Rxe6 Kf7 58. Rc6 Rg4+ 59. Kf3 Rxg5 60. Rxc2 Ke6 61. Re2 Rg4 62. Re1 g5 63. Re2 Rf4+ 64. Kg3 Re4 65. Ra2 Kxe5 66. Ra5+ Ke6 67. Ra8 Re3+ 68. Kf2 Rb3 69. Rf8 Ke5 70. Re8+ Kf4 71. Ra8 Rb2+ 72. Kf1 g4 73. Ra4+ Kg3 74. Ra3+ Kh4 75. Ra4 Kg5 76. Ra5 g3 77. Kg1 Kg4 78. Ra4+ f4 79. Ra8 Re2 80. Kf1 Kf3 81. Ra3+ Re3 82. Ra2 Rc3 83. Ra1 g2+ 84. Kg1 Kg3 85. Ra3 Rf3 86. Ra1 Rf1+ 87. Rxf1 gxf1Q+ 88. Kxf1 Kf3 89. Kg1 Ke2 90. Kh2 f3 91. Kh3 f2 92. Kg4 f1Q 93. Kg5 Qf3 94. Kg6 Qf4 95. Kh5 Qg3 96. Kh6 0-1